00602nam a22001577a 4500003000400000082001800004100001800022245014800040260004400188300000800232650003500240653003500275942001200310952010500322999001700427SGT a617.632bT23Y aYadav, Lokesh aTo evaluate the efficacy of open vs closed reduction in treatment of high condylar & high neck Condylar Fracture bA prospective Clinical Study aGurugram, HaryanabSGT Universityc2023 a109 aOral and Maxillofacial Surgery aOral and Maxillofacial Surgery 2ddccTH 00102ddc405171aFDbFDd2023-02-25l0o617.632 T23YpDT1506r2023-02-25 00:00:00w2023-02-25yTH c23824d23824